00461nam a2200133Ia 4500008004100000020001800041100002100059245003700080250000700117260002400124300001400148999001900162952014600181171211s9999 xx 000 0 und d a9780323341127 aPatton, Kevin T. aStructure & Function of the Body aXV bElsivier Inc.c2016 a503 pages c350948d350948 00102lcc40aSSLCbSSLCcSSLCd2017-12-11eLibrary Fundl6m6oQP 34.5 .P322 2016pSSLC1592r2024-03-06 00:00:00s2024-01-26w2017-12-11yBK